<?xml version="1.0" encoding="UTF-8"?>
<record
    xmlns:xsi="http://www.w3.org/2001/XMLSchema-instance"
    xsi:schemaLocation="http://www.loc.gov/MARC21/slim http://www.loc.gov/standards/marcxml/schema/MARC21slim.xsd"
    xmlns="http://www.loc.gov/MARC21/slim">

  <leader>00372nam a22001457a 4500</leader>
  <controlfield tag="003">OSt</controlfield>
  <controlfield tag="005">20250802131810.0</controlfield>
  <controlfield tag="008">250802b        |||||||| |||| 00| 0 eng d</controlfield>
  <datafield tag="040" ind1=" " ind2=" ">
    <subfield code="c">IIMT COLLEGE OF ENGINEERING,GREATER NOIDA</subfield>
  </datafield>
  <datafield tag="100" ind1=" " ind2=" ">
    <subfield code="a">MITHANI,D.M.</subfield>
  </datafield>
  <datafield tag="245" ind1=" " ind2=" ">
    <subfield code="a">MANAGERIAL ECONOMICS</subfield>
  </datafield>
  <datafield tag="260" ind1=" " ind2=" ">
    <subfield code="a">NEW DELHI</subfield>
    <subfield code="b">HIMALAYA PUB.</subfield>
    <subfield code="c">2025</subfield>
  </datafield>
  <datafield tag="300" ind1=" " ind2=" ">
    <subfield code="a">963</subfield>
  </datafield>
  <datafield tag="942" ind1=" " ind2=" ">
    <subfield code="2">ddc</subfield>
    <subfield code="c">02</subfield>
    <subfield code="e">10</subfield>
  </datafield>
  <datafield tag="999" ind1=" " ind2=" ">
    <subfield code="c">65883</subfield>
    <subfield code="d">65883</subfield>
  </datafield>
  <datafield tag="952" ind1=" " ind2=" ">
    <subfield code="0">0</subfield>
    <subfield code="1">0</subfield>
    <subfield code="2">ddc</subfield>
    <subfield code="4">0</subfield>
    <subfield code="7">0</subfield>
    <subfield code="a">21</subfield>
    <subfield code="b">21</subfield>
    <subfield code="d">2025-08-02</subfield>
    <subfield code="e">KIRTI</subfield>
    <subfield code="g">998.00</subfield>
    <subfield code="i">IN225/7.7.25</subfield>
    <subfield code="p">21-B-6210</subfield>
    <subfield code="r">2025-08-02</subfield>
    <subfield code="w">2025-08-02</subfield>
    <subfield code="y">02</subfield>
  </datafield>
  <datafield tag="952" ind1=" " ind2=" ">
    <subfield code="0">0</subfield>
    <subfield code="1">0</subfield>
    <subfield code="2">ddc</subfield>
    <subfield code="4">0</subfield>
    <subfield code="7">0</subfield>
    <subfield code="a">21</subfield>
    <subfield code="b">21</subfield>
    <subfield code="d">2025-08-02</subfield>
    <subfield code="e">KIRTI</subfield>
    <subfield code="g">998.00</subfield>
    <subfield code="i">IN225/7.7.25</subfield>
    <subfield code="p">21-B-6211</subfield>
    <subfield code="r">2025-08-02</subfield>
    <subfield code="w">2025-08-02</subfield>
    <subfield code="y">02</subfield>
  </datafield>
  <datafield tag="952" ind1=" " ind2=" ">
    <subfield code="0">0</subfield>
    <subfield code="1">0</subfield>
    <subfield code="2">ddc</subfield>
    <subfield code="4">0</subfield>
    <subfield code="7">0</subfield>
    <subfield code="a">21</subfield>
    <subfield code="b">21</subfield>
    <subfield code="d">2025-08-02</subfield>
    <subfield code="e">KIRTI</subfield>
    <subfield code="g">998.00</subfield>
    <subfield code="i">IN225/7.7.25</subfield>
    <subfield code="p">21-B-6212</subfield>
    <subfield code="r">2025-08-02</subfield>
    <subfield code="w">2025-08-02</subfield>
    <subfield code="y">02</subfield>
  </datafield>
  <datafield tag="952" ind1=" " ind2=" ">
    <subfield code="0">0</subfield>
    <subfield code="1">0</subfield>
    <subfield code="2">ddc</subfield>
    <subfield code="4">0</subfield>
    <subfield code="7">0</subfield>
    <subfield code="a">21</subfield>
    <subfield code="b">21</subfield>
    <subfield code="d">2025-08-02</subfield>
    <subfield code="e">KIRTI</subfield>
    <subfield code="g">998.00</subfield>
    <subfield code="i">IN225/7.7.25</subfield>
    <subfield code="p">21-B-6213</subfield>
    <subfield code="r">2025-08-02</subfield>
    <subfield code="w">2025-08-02</subfield>
    <subfield code="y">02</subfield>
  </datafield>
  <datafield tag="952" ind1=" " ind2=" ">
    <subfield code="0">0</subfield>
    <subfield code="1">0</subfield>
    <subfield code="2">ddc</subfield>
    <subfield code="4">0</subfield>
    <subfield code="7">0</subfield>
    <subfield code="a">21</subfield>
    <subfield code="b">21</subfield>
    <subfield code="d">2025-08-02</subfield>
    <subfield code="e">KIRTI</subfield>
    <subfield code="g">998.00</subfield>
    <subfield code="i">IN225/7.7.25</subfield>
    <subfield code="p">21-B-6214</subfield>
    <subfield code="r">2025-08-02</subfield>
    <subfield code="w">2025-08-02</subfield>
    <subfield code="y">02</subfield>
  </datafield>
</record>
